000 00396 a2200145 4500
999 _c5964
_d5964
020 _a9781779033826
050 _aQA135.6 MUD 2010
100 _aMudamburi. J
_eauthor
245 _aStep in New primary maths :
_bgrade 6 /
_cJ Mudamburi
264 _aHarare:
_bLongman .,
_c2010
300 _a178 pages
500 _alncludes index
650 _aPrimary Mathematics
942 _2lcc
_cBK
_h135.6
_iMUD
_kQA